000 01133nab a22002177a 4500
999 _c5437
_d5437
003 OSt
005 20250909102153.0
008 190604e xxu||||| |||| 00| 0 spa d
040 _cPJ
100 _96367
_aBalbín, A. Nicolás
245 1 3 _aNueva reforma a la pensión no contributiva por invalidez /
_cA. Nicolás Balbín.
260 _aCiudad Autónoma de Buenos Aires :
_bThomson Reuters La Ley,
_c2025.
300 _ap. 50-56
500 _aCita Online: TR LALEY AR/DOC/2985/2024.
505 _aSumario: I. Introducción.— II. La seguridad social, junto a la invalidez en el cuadro de las contingencias cubiertas.— III. El sistema general del dec. 843/2024.— IV. Los impactos de la reforma en orden al sistema precedente y su crítica.— V. Conclusiones.
505 _t¿Te interesa el texto completo? Solicitalo al correo: koha@justierradelfuego.gov.ar
650 0 _91395
_aSEGURIDAD SOCIAL
650 0 _94962
_aPENSIÓN POR INVALIDEZ
773 0 _02714
_93171
_dCiudad Autónoma de Buenos Aires : Thomson Reuters La Ley, 2014-
_tRevista anales de legislación argentina. Nº 4 - Abril 2025.
942 _2udc
_cANA